000 00989nam a2200277Ia 4500
003 OSt
005 20221005105243.0
006 a|||||r|||| 00| 0
007 ta
008 221004b |||||||| |||| 00| 0 hin d
020 _a8188457507
_c400
024 _a7005
037 _b226, 26/09/2013, University Book House
_cTextual
040 _aCRL
_cCRL
_bhin
041 _2hin
_ahin
082 _aV281.P, P8
100 _aअवस्थी, आदित्य
245 0 _aदास्तान ए दिल्ली
246 _aDāstān e dillī
260 _aनई दिल्ली
_bकल्याणी शिक्षा परिड्ढद्
_c2008
300 _a336पृ0
_ccm.
490 _aथ्ल्न्च् थ्ब् 1भ्ब्
650 _aविश्व-इतिहास
942 _hV281.P, P8
_cTEXL
_2cc
999 _c1015290
_d1015290